Baisan valiyil faciyesahn (Record no. 54643)
[ view plain ]
| 000 -LEADER | |
|---|---|
| fixed length control field | 00274nam a2200121Ia 4500 |
| 100 ## - MAIN ENTRY--AUTHOR NAME | |
| Personal name | Thomas V |
| 245 #0 - TITLE STATEMENT | |
| Title | Baisan valiyil faciyesahn |
| 260 ## - PUBLICATION, DISTRIBUTION, ETC. (IMPRINT) | |
| Name of publisher | Rubber |
| Year of publication | 2007 |
| 300 ## - PHYSICAL DESCRIPTION | |
| Number of Pages | 39 |
| 700 ## - ADDED ENTRY--PERSONAL NAME | |
| Personal name | Thomas Rajeev M |
| 942 ## - ADDED ENTRY ELEMENTS (KOHA) | |
| Koha item type | Journals |
| Withdrawn status | Lost status | Damaged status | Not for loan | Home library | Current library | Date acquired | Serial Enumeration / chronology | Koha item type |
|---|---|---|---|---|---|---|---|---|
| Journals | RRII Library | RRII Library | 11/01/2008 | Volume 500, Issue Novem | Journals |